Представление документа в формате RUSMARC

ПолеНазваниеЗначение
  Тип записи a
  Библиографический уровень m
001 Контрольный номер RU/CBS_UL/BASE/666185384
005 Дата корректировки 20240209174948.0
010 Индекс ISBN __
a ISBN
b Уточнения в пер.
d Цена 50 р. 00 к.
9 Тираж экз.
090 Данные записи __
a Состояние записи 63.3(2)
b Тип записи Книги
c Язык записи Русский
d Отрасль знаний (КСУ) Другая
e Секретность Несекретно
g Вид записи Монография (однотомник)
x Дата передачи записи для обработки Ч-89
100 Данные общей обработки __
a Данные общей обработки 20091030d2013 u u 1rusy ||||ca
101 Язык документа 0_
a Язык текста rus
105 Кодированные данные (монография) __
a Кодированные данные (монография) a z 000yy
181 Поле кодированных данных: вид содержания _1
a Код вида содержания (ISBD) i#
b Код характеристики содержания (ISBD) #xxe##
d i
g x
h x
i e
182 Поле кодированных данных: тип средства _1
a Код типа средства (ISBD) n
2 Код системы (источник кода, отличный от ISBD) isbdmedia
200 Заглавие и сведения об ответственности 1_
a Заглавие Жизнь Пушкина
b Общее обозначение материала Текст
f Первые сведения об ответственности Г. И. Чулков
g Последующие сведения об ответственности вступ. ст. и коммент. М. В. Михайловой
w Текст (визуальный) : непосредственный
203 Вид содержания и тип средства __
a Вид содержания Текст
b Характеристика содержания визуальный
c Тип средства непосредственный
210 Выходные данные 1_
a Место издания Москва
c Издательство Республика
d Дата издания 1999
215 Физическое описание __
a Объем 448 с.
c Иллюстрации/тип воспроизводства ил.
300 Общие примечания __
a Общие примечания Под инв. номером 71223: 4н-1, 8-1
333 Примечание о целевом назначении __
a Примечание о целевом назначении 16+
600 Персоналии _0
a Персоналии (Фамилия) Пушкин
b Персоналии (Имя, инициалы) А. С.
606 Тематические рубрики 0_
a Основная рубрика Пушкин, Александр Сергеевич (1799-1837)
610 Ключевые слова 0_
a Ключевые слова литература российская
a Ключевые слова литературоведение
a Ключевые слова писатели русские
a Ключевые слова биографии писателей
686 Индексы других классификаций __
a Классификационный индекс 83.3(2Рос=Рус)1
2 Код системы rubbk
700 Автор _1
a Фамилия Чулков
b Имя (инициалы) Георгий Иванович
g Полное личное имя Г. И.
801 Источник записи _0
a Страна RU
b Организация МБУК ЦБС г. Ульяновска
c Дата составления 20091030
801 Источник записи _1
a Страна RU
b Организация МБУК ЦБС г. Ульяновска
c Дата составления 20091030
899 Данные о местонахождении __
3 Книга № 3337
a Местонахождение 6 ф
i Авторский знак Ч-89
j Расстановочный фильтр 83.3(2Рос=Рус)1
d Название фонда Инв.книга №1
q Состояние Свободно
x Инвентарный номер 133538
901 Тип документа __
t Тип документа m
910 Корректоры записи __
a Корректор записи Тихонова